000 01510nam a2200277Ia 4500
999 _c48590
_d48590
001 15489
003 GE_BSU
005 20191023171907.0
008 181216s2012||||ge |||||||||||||| ||geo||
020 _aISBN 978-9941-0-4799-2
040 _cGE_BSU
041 _ageo
080 _a338.48(479.22) დ-28
100 _aდევაძე, ანზორ
_94964
245 _aტურიზმი საქართველოში :
_bარსებული მდგომარეობა, პრობლემები, პერსპექტივები /
_cანზორ დევაძე, ნოდარ გრძელიშვილი ; რედ.: ევგენი ბარათაშვილი, როინ გრძელიშვილი.
264 _aთბილისი,
_c2012.
300 _a272 გვ. :
_bცხრ,;
_c20 სმ.
300 _bდანართი: გვ. 262-264. - ბიბლიოგრ.: გვ. 265-271
501 _aდანართი: გვ. 262-264.
504 _aბიბლიოგრ.: გვ. 265-271.
653 _a საქართველოს ტურიზმის ეკონომიკა
700 _aგრძელიშვილი, ნოდარ
_eავტორი
_94965
700 _aბარათაშვილი, ევგენი
_eრედაქტორი
_9734
700 _aგრძელიშვილი, როინ
_eრედაქტორი
_94966
942 _cBK
_2udc